Código de procedimiento civil: aprobada por decreto N§ 2 de 4 de enero de 2008, del Ministerio de Justicia

Αποθηκεύτηκε σε:
Λεπτομέρειες βιβλιογραφικής εγγραφής
Μορφή: Βιβλίο
Γλώσσα:Ισπανικά
Έκδοση: Santiago Jurídica de Chile 2009
Έκδοση:19a. ed
Σειρά:Códigos Especiales para Estudiantes
Θέματα:
Ετικέτες: Προσθήκη ετικέτας
Δεν υπάρχουν, Καταχωρήστε ετικέτα πρώτοι!

MARC

LEADER 00000nam a2200000 a 4500
001 UCH5175
003 CL-VaPUC
008 091008e20090000CL |||||||||||||||||spa|d
020 |a 9789561018969 
082 0 4 |a 347.83  |b COD  |2 21 
245 1 0 |a Código de procedimiento civil: aprobada por decreto N§ 2 de 4 de enero de 2008, del Ministerio de Justicia 
250 |a 19a. ed 
300 |a 184 p 
942 |c BK 
945 |d 20091008 00:00:00  |a rbrito 
260 |a Santiago  |b Jurídica de Chile  |c 2009 
500 |a Edición actualizada al 26 de enero de 2009 
650 0 |a Código de procedimiento civil  |9 256305 
650 0 |a Derecho procesal penal  |9 255496 
650 7 |a JUICIO ORDINARIO  |2 CL-VaPUC  |9 254867 
650 0 |a Actos judiciales no contenciosos   |9 391844 
583 |a last modification  |c 20091008 00:00:00  |k Rodrigo Vera 
490 0 |a Códigos Especiales para Estudiantes 
999 |c 336358  |d 336356